000 00679nam a2200193Ia 4500
003 GCL
008 140319s9999 xx 000 0 ara d
040 _aGCL /
_cGCL
082 0 4 _a189
_bا ق
100 1 _aاحمد موصللى
245 1 0 _aقراءة نظرية تأسيسية فى الخطار الإسلامى الاصولى (نظريات المعرفة والدولة والمجتمع) /
_cاحمد موصللى
300 _a176
490 _a100 قصة
_v0
650 0 4 _aالفلسفة الاسلامية
650 0 4 _aالحركات الفكرية عند المسلمين
650 0 4 _aالمعرفة
650 0 4 _aالفلسفة - نظريات
942 _2ddc
_cBK
999 _c43841
_d43841